[Event "192nd open MGU"]
[Site "Sofia"]
[Date "2017.10.08"]
[Round "6.2"]
[White "Andreev, Dobrotich"]
[Black "Mihalev, Daniil"]
[Result "1/2-1/2"]
[WhiteElo "1844"]
[BlackElo "1727"]
[PlyCount "112"]
[EventDate "2017.10.07"]
[EventType "tourn"]
[EventRounds "6"]
[EventCountry "BUL"]
[SourceDate "2008.07.28"]

1. e4 e6 2. d4 d5 3. Nd2 c5 4. exd5 Qxd5 5. Ngf3 cxd4 6. Bc4 Qd6 7. O-O Nf6 8.
Nb3 Nc6 9. Nbxd4 Nxd4 10. Nxd4 a6 11. Re1 Bd7 12. c3 Qc5 13. Qe2 Be7 14. Be3
Qh5 15. Qf3 Qxf3 16. Nxf3 O-O 17. Ne5 Rfd8 18. Bb6 Rdc8 19. Rad1 Bc6 20. Bb3
Nd5 21. Nxc6 Rxc6 22. Bxd5 Rxb6 23. Bb3 Kf8 24. Rd7 Rd8 25. Red1 Rxd7 26. Rxd7
a5 27. Rc7 Bf6 28. Rc8+ Ke7 29. Ra8 Rb5 30. Kf1 Be5 31. c4 Rc5 32. Ra7 Bxb2 33.
Rxb7+ Kf6 34. Ba4 Be5 35. Bb5 Rc7 36. Rxc7 Bxc7 37. Ke2 Bb6 38. f3 Ke5 39. Kd3
Kd6 40. g4 g5 41. Ke4 Bc7 42. h3 f6 43. a4 h6 44. Kd4 Bb6+ 45. Ke4 Bc7 46. Ba6
Bb6 47. Bc8 Bc5 48. Ba6 Bb6 49. Bb5 Bc5 50. Be8 Ke7 51. Bg6 Kd6 52. f4 Bb6 53.
f5 e5 54. Bf7 Bc5 55. Be8 Bb6 56. Bb5 Bc5 1/2-1/2

[Event "192nd open MGU"]
[Site "Sofia"]
[Date "2017.10.08"]
[Round "6.4"]
[White "Kostov, Nikolay"]
[Black "Babatov, Martin"]
[Result "0-1"]
[WhiteElo "1646"]
[BlackElo "1755"]
[PlyCount "112"]
[EventDate "2017.10.07"]
[EventType "tourn"]
[EventRounds "6"]
[EventCountry "BUL"]
[SourceDate "2008.07.28"]

1. d4 c6 2. e4 d5 3. Nc3 dxe4 4. Nxe4 Bf5 5. Bd3 e6 6. Ne2 Be7 7. N4g3 Bxd3 8.
Qxd3 Nf6 9. O-O O-O 10. Rd1 Nbd7 11. c4 Qc7 12. Qc2 Rac8 13. Bf4 Bd6 14. Bxd6
Qxd6 15. Qb3 Rc7 16. h3 Rd8 17. a4 Nf8 18. Qc3 c5 19. dxc5 Qxd1+ 20. Rxd1 Rxd1+
21. Kh2 Rxc5 22. b4 Rc7 23. b5 b6 24. a5 bxa5 25. Qb3 Rd8 26. Nf1 Ne4 27. f3
Nd2 28. Nxd2 Rxd2 29. Ng3 Rd4 30. b6 axb6 31. Qxb6 Rcxc4 32. Qxa5 Rc2 33. Qa8
Rdd2 34. f4 Rxg2+ 35. Qxg2 Rxg2+ 36. Kxg2 Ng6 37. Kf3 Ne7 38. Kg4 g6 39. Kf3
Kg7 40. Ke4 Nc6 41. Kf3 f5 42. Ke3 Kf6 43. Ne2 e5 44. fxe5+ Nxe5 45. h4 h6 46.
Kf4 g5+ 47. hxg5+ hxg5+ 48. Kg3 Ng6 49. Kf3 Ke5 50. Kg3 Ke4 51. Nc3+ Kd4 52.
Nd1 Ne5 53. Nf2 f4+ 54. Kg2 g4 55. Nxg4 Nxg4 56. Kf3 Ke5 0-1

[Event "192nd open MGU"]
[Site "Sofia"]
[Date "2017.10.08"]
[Round "6.5"]
[White "Ivanov, Oleg M."]
[Black "Mladenov, Andrey"]
[Result "1-0"]
[WhiteElo "1523"]
[BlackElo "1593"]
[PlyCount "57"]
[EventDate "2017.10.07"]
[EventType "tourn"]
[EventRounds "6"]
[EventCountry "BUL"]
[SourceDate "2008.07.28"]

1. e4 c5 2. Ne2 d5 3. exd5 Qxd5 4. Nbc3 Qd8 5. g3 Nf6 6. Bg2 e5 7. O-O Be7 8.
d3 O-O 9. f4 Nbd7 10. f5 a6 11. Kh1 Qc7 12. Bg5 h6 13. Bh4 Rb8 14. Ne4 Re8 15.
N2c3 Nxe4 16. Nd5 Qd8 17. Nxe7+ Rxe7 18. Bxe7 Nxg3+ 19. hxg3 Qxe7 20. c3 Nf6
21. Qe2 Ne8 22. d4 cxd4 23. cxd4 f6 24. dxe5 fxe5 25. Rae1 Nd6 26. Qxe5 Qxe5
27. Rxe5 Kf7 28. g4 Bd7 29. Rd1 1-0